Mechanical Behavior of Materials / (Record no. 16760)

MARC details
000 -LEADER
fixed length control field 01123cam a22002414a 4500
001 - CONTROL NUMBER
control field 13708944
005 - DATE AND TIME OF LATEST TRANSACTION
control field 20070725075227.0
008 - FIXED-LENGTH DATA ELEMENTS--GENERAL INFORMATION
fixed length control field 040902s2005 enka b 001 0 eng
020 ## - INTERNATIONAL STANDARD BOOK NUMBER
International Standard Book Number 0521846706 (hardback)
040 ## - CATALOGING SOURCE
Original cataloging agency DLC
Transcribing agency DLC
Modifying agency DLC
082 00 - DEWEY DECIMAL CLASSIFICATION NUMBER
Classification number 620.11292
Edition number 22
Item number HOS
100 1# - MAIN ENTRY--PERSONAL NAME
Personal name Hosford, William F.
9 (RLIN) 30098
245 10 - TITLE STATEMENT
Title Mechanical Behavior of Materials /
Statement of responsibility, etc W.F. Hosford.
260 ## - PUBLICATION, DISTRIBUTION, ETC. (IMPRINT)
Place of publication, distribution, etc Cambridge ;
-- New York :
Name of publisher, distributor, etc Cambridge University Press,
Date of publication, distribution, etc c2005.
300 ## - PHYSICAL DESCRIPTION
Extent xx, 425 p. :
Other physical details ill. ;
Dimensions 26 cm.
504 ## - BIBLIOGRAPHY, ETC. NOTE
Bibliography, etc Includes bibliographical references and index.
650 #0 - SUBJECT ADDED ENTRY--TOPICAL TERM
Topical term or geographic name as entry element Materials
General subdivision Mechanical properties.
9 (RLIN) 30099
653 ## - INDEX TERM--UNCONTROLLED
Resource For college
Arrived date list June2012
942 ## - ADDED ENTRY ELEMENTS (KOHA)
Source of classification or shelving scheme Dewey Decimal Classification
Item type Book - Borrowing
Holdings
Withdrawn status Item status Source of classification or shelving scheme Damaged status Not for loan Vendor Home library Current library Shelving location Date acquired Source of acquisition Total Checkouts Total Renewals Full call number Barcode Date last seen Date last borrowed Koha item type
    Dewey Decimal Classification     Baccah Central Library Central Library First floor 13/06/2012   1 2 620.11292 HOS 000026808 15/07/2025 12/12/2015 Book - Borrowing
    Dewey Decimal Classification     Baccah Central Library Central Library First floor 13/06/2012   2   620.11292 HOS 000026809 15/07/2025 13/06/2012 Book - Borrowing